| 000 | 01021nam0a22002651 4500 | ||
|---|---|---|---|
| 001 | rc\3528447 | ||
| 005 | 20260407101830.0 | ||
| 021 |
_aRU _bРг744-75 |
||
| 021 |
_aRU _b74-ОЭ-320/17 |
||
| 035 | _a(NLR Aleph) 007626996 | ||
| 090 |
_a5982154 _c5982154 |
||
| 100 | _a20130115d1973 |||y0rusy50 ca | ||
| 101 | 0 | _arus | |
| 102 | _aRU | ||
| 105 | _ay z ||||| | ||
| 200 | 1 |
_aВвод в эксплуатацию двух турбогенераторов мощностью по 1300 Мвт _eМетод. рекомендации _fВсесоюз. науч.-исслед. ин-т электромашиностроения. Отд. науч.-техн. информации |
|
| 210 |
_a[Москва _cБ. и. _d1973] |
||
| 215 |
_a1 л. _d30 |
||
| 309 | _aБез тит. л. и обл. | ||
| 712 | 0 | 2 |
_aВНИИ электромашиностроения _cЛенинград _9354396 _3RU\NLR\AUTH\889929431 |
| 801 | 0 |
_aRU _bNLR _gpsbo |
|
| 801 | 1 |
_aRU _bELAR _2rusmarc |
|
| 852 |
_aNLR _j74-9/58 |
||
| 942 | _cBOOK | ||
| 980 | _aNB | ||